000 00259nam a2200085Ia 4500
008 220214s9999 xx 000 0 und d
245 0 _aProceedings of the thirteenth annual conference, 1966
260 _bUnited Planters Association of Southern India
942 _cBJ
999 _c19138
_d19138